000 00544cam a2200193 a 4500
001 000017679
005 20200929165207.0
008 830407s1980 cr 001 1 spa d
040 _aDO-SdBNP
_cDLC
_dDLC
050 0 0 _aPQ7489.2.A686
_bG4 1980
082 _annn
_bA694g
100 1 _aArgüello, Carlos Luis,
_d1928-
_99793
245 1 0 _aGente en mi camino /
_cCarlos Luis Argüello.
260 _aSan José :
_bCosta Rica,
_c1980.
300 _a92 p. ;
_c21 cm.
910 _aCatalogación por copia / LC
082 0 0 _a863
_219
049 _aBNGR
999 _c17204
_d17204